Čas slnovratu

Podrobná bibliografia
Hlavný autor: Lichnerová, Rút, 1951- (Autor)
Médium: Článok
Jazyk:slovenčina
Fyzický popis:Fotogr.
ISSN:0862-5999
Predmet:

MARC

LEADER 00000nab a2200000 a 4500
001 vtls000667163
003 SK-MaSNL
005 20260302183813.0
008 140422c1998 xo 0 slo
015 |a SNBRB1998/11-30726 
035 |a CLN000019345 
040 |a SNKBUCL  |b slo  |c SNKBUCL  |e AACR2 
041 0 |a slo 
044 |a xo  |c SK 
080 |a 885.4-3  |2 1997 
100 1 |a Lichnerová, Rút,  |d 1951-  |4 aut  |9 102132 
245 1 0 |a Čas slnovratu  |c Rút Lichnerová 
300 |b Fotogr. 
650 0 7 |a psychologické poviedky, slovenské  |2 snkbucl  |9 28618 
655 7 |a články z novín a časopisov  |2 snkbucl  |9 267496 
773 0 |t Literárny týždenník  |g Roč. 11, č. 39 (1998), s. 4  |x 0862-5999 
850 |a Slovenská národná knižnica v Martine 
852 |a SNK  |b KIS3GCP 
958 |a SL 
958 |a LX 
992 |a RBX 
999 |c 1422995  |d 1424925